Geometry and Symmetry : program and abstracts. Veszprém, Hungary, 29. 6. - 3. 7. 2015
Enregistré dans:
| Collectivité auteur: | |
|---|---|
| Format: | Actes de congrès Livre |
| Langue: | anglais |
| Publié: |
[s.l.] :
[s.n.],
2015
|
| Tags: |
Pas de tags, Soyez le premier à ajouter un tag!
|
MARC
| LEADER | 00000nam a22000003a 4500 | ||
|---|---|---|---|
| 001 | 0006151 | ||
| 003 | SK-STU | ||
| 005 | 20150813084034.6 | ||
| 007 | ta | ||
| 008 | 150713s ----xo-----e------100-0-----d | ||
| 040 | |a STU |b slo | ||
| 041 | 0 | |a eng | |
| 044 | |a hu | ||
| 111 | 2 | |a International Conference on Geometry and Symmetry |d 29. 6. - 3. 7. 2015 |c Veszprém, Hungary | |
| 245 | 1 | 0 | |a Geometry and Symmetry : |b program and abstracts. Veszprém, Hungary, 29. 6. - 3. 7. 2015 |
| 260 | |a [s.l.] : |b [s.n.], |c 2015 | ||
| 300 | |a 42 p. | ||
| 996 | |c V* 2208/sc-15 |l VV11 |s P |a 0 |w 0006151_0001 | ||